| 000 | 00611nam a2200181 u 4500 | ||
|---|---|---|---|
| 001 | 000802484 | ||
| 003 | AM-YeHGA | ||
| 005 | 20250617144321.0 | ||
| 008 | 110411s1972 ||||||||||||||||||||rus|c | ||
| 040 | _aAM-YeHGA | ||
| 041 | 0 | _arus | |
| 245 | 0 | 0 |
_aНовое в агротехнике ягодных культур : _bСборник пер. / _cПод ред. В.Г. Трушечкина. |
| 260 |
_aМосква : _bКолос, _c1972. |
||
| 300 |
_a232 с. : _bтабл. ; _c20 см. |
||
| 650 | 1 | 4 | _aЯгодные культуры |
| 700 | 1 |
_aТрушечкин, В.Г. _eред. _4edt |
|
| 090 | _c293553 | ||
| 999 |
_c291871 _d291871 |
||